000 00661nam a22001937a 4500
005 20180503101842.0
010 _aENG-122745
020 _a9789385289200
_c1095.00
035 _aEN-106277
037 _bDBAD/PUB
082 _a363.720954
100 _aSingh, M.K.
245 _aSwachh BHarat Abhiyan /
_cby M.K. Singh
260 _aNew Delhi
_bSolar Books
_c2017
270 _a4239A/1, Veer Sadan, Ansari Road (Behind Delhi Hospital), Darya Ganj,
_bNew Delhi
_e110002
_k011-43505201/02/03
_msales.solarbook@gmail.com
300 _avii, 276p.
_c23cm (Hb)
500 _aIt include bibliography and index
942 _2ddc
_cEN
_mSIN
_h363.720954
999 _c151810
_d151810